Ranglijst van alle jaren eredivisie - Statistieken

Algemene statistieken
  • Deze quiz is 109 keer genomen
  • De gemiddelde score is 25 van 46
Antwoordstatistieken
Hint Antwoord % Correct
1 Ajax
100%
2 PSV
100%
3 Feyenoord
99%
7 AZ
93%
4 FC Twente
93%
5 FC Utrecht
90%
15 SC Heerenveen
89%
8 FC Groningen
88%
10 NAC Breda
85%
6 Sparta
84%
12 Vitesse
81%
14 NEC Nijmegen
80%
23 PEC Zwolle
75%
11 ADO Den Haag
74%
24 Excelsior
74%
30 SC Cambuur
73%
13 Willem II
72%
17 MVV Maastricht
70%
9 Roda JC
70%
20 FC Volendam
69%
16 Fortuna Sittard
69%
18 Go Ahead Eagles
68%
27 FC Den Bosch / BVV
65%
22 VVV Venlo
65%
21 Heracles Almelo
63%
19 RKC Waalwijk
62%
38 FC Eindhoven
58%
37 FC Dordrecht
54%
26 De Graafschap
49%
28 Telstar
43%
43 Helmond Sport
41%
25 Haarlem
40%
34 RBC Roosendaal
33%
40 Veendam
22%
32 FC Amsterdam
16%
41 FC Wageningen
15%
29 DWS
12%
33 Blauw Wit
9%
39 BVC Amsterdam
9%
31 Elinkwijk
9%
42 De Volewijckers
7%
36 Holland Sport
6%
44 SVV
6%
35 NOAD
2%
45 Xerxes
2%
46 SHS
0%
Geen overeenkomende quizzen gevonden
Scoreverdeling
Procent van Mensen met Elke Score
Percentiel versus Aantal Correcte Antwoorden
Uw Scoregeschiedenis
U heeft deze quiz nog niet genomen